00670nam a22002057a 450000500170000001000150001702000270003203500140005903700130007308200140008610000190010024500410011926000380016027000510019830000250024950000190027494200280029399900190032195201240034020170629102400.0 aENG-119001 c4500.00a9788177421460 aEN-102533 bDBAD/PUB a327.54051 aLokesh Chandra aIndia and China /cby Lokesh Chandra aNew DelhibAditya Prakashanc2016 bNew Delhie110002a2/18 Ansari Road, Daryaganj a469p.c28cm(Hb)bill aincludes index 2ddccENmLOKh327.54051 c142069d142069 001040718REFaLbLd2017-06-28eDBAD/PUB.g4500.00l0o327.54051 LOKpEN-102533r2017-06-28 00:00:00t1v4500.00yEN